[Event "17th EUR-ch"]
[Site "Gjakova KOS"]
[Date "2016.05.15"]
[Round "4.34"]
[White "Volokytin, Andriy"]
[Black "Godena, Michele"]
[Result "1/2-1/2"]
[WhiteElo "2642"]
[BlackElo "2493"]
[EventDate "2016.05.12"]
[PlyCount "161"]

1.e4 e5 2.Nf3 Nc6 3.Bb5 f5 4.Nc3 fxe4 5.Nxe4 Nf6 6.Nxf6+ Qxf6 7.Qe2 Be7 8.
Bxc6 bxc6 9.Nxe5 O-O 10.O-O Qe6 11.Re1 Bc5 12.Nf3 Qxe2 13.Rxe2 d6 14.d4 
Bb6 15.a4 Bg4 16.Re4 Bxf3 17.gxf3 a5 18.Kg2 d5 19.Rg4 c5 20.dxc5 Bxc5 21.
Be3 Bd6 22.Rd1 Rf5 23.Rg5 Rxg5+ 24.Bxg5 Rb8 25.Bc1 c6 26.c4 d4 27.Rxd4 Be5
28.Rd7 Rb4 29.Ra7 Rxa4 30.b3 Ra2 31.Be3 Bc3 32.Rd7 Rb2 33.Rd3 Bf6 34.Bf4 
Ra2 35.Rd6 Ra3 36.Bd2 Rxb3 37.Bxa5 c5 38.Rb6 Ra3 39.Rb5 Bd4 40.Bb6 Rc3 41.
Bxc5 Rxc4 42.Bd6 Rc2 43.Bg3 h6 44.Rd5 Bf6 45.f4 Kf7 46.f5 Rc4 47.Rd7+ Ke8 
48.Rd5 Kf7 49.Rb5 Kg8 50.Rb8+ Kh7 51.Rb5 Rc3 52.Bd6 Rd3 53.Bb8 Rd2 54.Kf3 
Rb2 55.Rxb2 Bxb2 56.Kf4 Kg8 57.Be5 Ba3 58.Kg4 Kf7 59.Kh5 Be7 60.h4 Bd8 61.
Kg4 Be7 62.h5 Bd8 63.Kf4 Bh4 64.Ke3 Bd8 65.Ke4 Bh4 66.Bd4 Bd8 67.Kd5 Bh4 
68.f3 Be7 69.Be5 Bd8 70.Kc6 Bg5 71.Kc7 Bh4 72.Kd7 Bg5 73.Kd6 Be7+ 74.Kc6 
Bh4 75.f4 Bd8 76.Kd6 Be7+ 77.Kd7 Bh4 78.Kc7 Be7 79.Kc8 Bf6 80.Kc7 Be7 81.
Kd7 1/2-1/2

[Event "17th EUR-ch"]
[Site "Gjakova KOS"]
[Date "2016.05.15"]
[Round "4.35"]
[White "Romanov, Evgeny"]
[Black "Haznedaroglu, Kivanc"]
[Result "1/2-1/2"]
[WhiteElo "2641"]
[BlackElo "2494"]
[EventDate "2016.05.12"]
[PlyCount "71"]

1.c4 e5 2.Nc3 Nc6 3.Nf3 g6 4.d4 exd4 5.Nxd4 Bg7 6.Nxc6 bxc6 7.e4 d6 8.c5 
Be6 9.Be3 Ne7 10.Bd4 f6 11.Qa4 O-O 12.Bc4 Bxc4 13.Qxc4+ d5 14.Qa4 dxe4 15.
O-O-O Qc8 16.Nxe4 Qg4 17.Rhe1 Rad8 18.g3 Qf5 19.Nc3 Rd7 20.Be3 Ra8 21.Rxd7
Qxd7 22.Rd1 Qe6 23.Qb3 Qxb3 24.axb3 Kf7 25.Bf4 Rc8 26.Rd7 Ke6 27.Rxc7 Rxc7
28.Bxc7 Nd5 29.Ba5 f5 30.Na4 Bd4 31.Be1 Nf6 32.f3 Nd7 33.Kd2 Nxc5 34.Nxc5+
Bxc5 35.Kd3 Kd5 36.b4 1/2-1/2

[Event "17th EUR-ch"]
[Site "Gjakova KOS"]
[Date "2016.05.15"]
[Round "4.36"]
[White "Onischuk, Vladimir"]
[Black "Ali Marandi, Cemil Can"]
[Result "1-0"]
[WhiteElo "2628"]
[BlackElo "2476"]
[EventDate "2016.05.12"]
[PlyCount "177"]

1.e4 e6 2.d4 d5 3.Bd3 c5 4.exd5 exd5 5.Nf3 c4 6.Be2 Nc6 7.b3 cxb3 8.axb3 
Bd6 9.O-O Nge7 10.c4 O-O 11.Nc3 a6 12.Bg5 f6 13.Bh4 Be6 14.Bg3 Kh8 15.c5 
Bxg3 16.hxg3 Bg4 17.Re1 Nf5 18.Ra2 Qd7 19.Nh4 Bxe2 20.Raxe2 Nxh4 21.gxh4 
Qg4 22.Rd2 Qxd1 23.Rdxd1 Rfe8 24.Re3 Rad8 25.h5 Kg8 26.Rxe8+ Rxe8 27.h6 
gxh6 28.g3 Kf7 29.Kg2 Nb4 30.Kf3 Re6 31.Rh1 Nc2 32.Rd1 Nb4 33.g4 Re8 34.
Kf4 Re6 35.Kf3 Re8 36.Ne2 Nc6 37.Ng3 Kg6 38.Kf4 Na5 39.f3 Nxb3 40.Nf5 a5 
41.Rh1 Rh8 42.Re1 Rf8 43.Re7 Rf7 44.Re8 Rd7 45.Ra8 Kf7 46.Nxh6+ Ke6 47.Nf5
Rf7 48.Ra7 Rd7 49.Ke3 h5 50.c6 bxc6 51.Rxd7 Kxd7 52.gxh5 a4 53.h6 a3 54.h7
a2 55.h8=Q a1=Q 56.Qg7+ Kc8 57.Qf8+ Kc7 58.Qd6+ Kb7 59.Qb4+ Kc7 60.Qxb3 
Qe1+ 61.Kd3 Qf1+ 62.Kd2 Qf2+ 63.Kc1 Qe1+ 64.Qd1 Qc3+ 65.Kb1 Kd7 66.Qe2 
Qb3+ 67.Kc1 Qc3+ 68.Kd1 Qa1+ 69.Kd2 Qb2+ 70.Ke3 Qb1 71.Kf4 Qb8+ 72.Kg4 
Qg8+ 73.Kh3 Qh7+ 74.Nh4 Qb1 75.Qe3 Qd1 76.Kg4 Qc2 77.Nf5 Qg2+ 78.Kh5 Kc7 
79.Qf4+ Kb6 80.Ng3 Qh3+ 81.Kg6 Qh8 82.Nf5 Qf8 83.Qd6 Qxd6 84.Nxd6 c5 85.
dxc5+ Kxc5 86.Nf5 d4 87.Kxf6 d3 88.Ke5 d2 89.Ne3 1-0

[Event "17th EUR-ch"]
[Site "Gjakova KOS"]
[Date "2016.05.15"]
[Round "4.37"]
[White "Druska, Juraj"]
[Black "Beliavsky, Alexander"]
[Result "1/2-1/2"]
[WhiteElo "2466"]
[BlackElo "2624"]
[EventDate "2016.05.12"]
[PlyCount "68"]

1.e4 c5 2.Nf3 d6 3.d4 cxd4 4.Nxd4 Nf6 5.Nc3 a6 6.h3 e6 7.g4 Nc6 8.g5 Nd7 
9.Be3 Be7 10.h4 O-O 11.f4 Re8 12.Qd2 Nxd4 13.Qxd4 b5 14.O-O-O Bb7 15.h5 
Bf8 16.Rh2 e5 17.fxe5 Nxe5 18.g6 hxg6 19.hxg6 Nxg6 20.Bh3 Be7 21.Nd5 Bg5 
22.Bf5 Bxd5 23.Bxg6 Bxe3+ 24.Qxe3 fxg6 25.Rxd5 Qf6 26.Rd1 Re5 27.Rdh1 Rh5 
28.Qb3+ Qf7 29.Rxh5 gxh5 30.Rxh5 Qxb3 31.axb3 Kf7 32.Kd2 Rc8 33.Kd3 Rc5 
34.Rh8 b4 1/2-1/2

[Event "17th EUR-ch"]
[Site "Gjakova KOS"]
[Date "2016.05.15"]
[Round "4.38"]
[White "Valsecchi, Alessio"]
[Black "Gabuzian, Hovhannes"]
[Result "1/2-1/2"]
[WhiteElo "2494"]
[BlackElo "2620"]
[EventDate "2016.05.12"]
[PlyCount "69"]

1.Nf3 Nf6 2.c4 e6 3.g3 b6 4.Bg2 Bb7 5.O-O c5 6.Nc3 Be7 7.d4 cxd4 8.Qxd4 d6
9.Bg5 a6 10.Bxf6 Bxf6 11.Qf4 O-O 12.Rfd1 Be7 13.Ne4 Bxe4 14.Qxe4 Ra7 15.
Rd2 Qc8 16.b3 b5 17.cxb5 axb5 18.Rc2 Qa6 19.Rac1 d5 20.Qf4 Ba3 21.Rd1 Nc6 
22.e4 Nb4 23.Re2 Rc8 24.h4 Rac7 25.Nd4 Bc1 26.Qg4 dxe4 27.Bxe4 Nxa2 28.
Nxe6 fxe6 29.Rxa2 Qxa2 30.Qxe6+ Kh8 31.Qf5 g6 32.Qf6+ Rg7 33.Rd8+ Rxd8 34.
Qxd8+ Rg8 35.Qf6+ 1/2-1/2

[Event "17th EUR-ch"]
[Site "Gjakova KOS"]
[Date "2016.05.15"]
[Round "4.39"]
[White "Petrov, Nikita"]
[Black "Lupulescu, Constantin"]
[Result "0-1"]
[WhiteElo "2475"]
[BlackElo "2620"]
[EventDate "2016.05.12"]
[PlyCount "78"]

1.Nf3 c5 2.c4 Nc6 3.Nc3 g6 4.g3 Bg7 5.Bg2 e5 6.O-O d6 7.a3 a5 8.d3 Nge7 9.
Ne1 Be6 10.Nc2 d5 11.cxd5 Nxd5 12.Ne3 Nb6 13.Bd2 Nd4 14.Bxb7 Rb8 15.Bg2 
Bb3 16.Qe1 f5 17.Rc1 O-O 18.Nc4 Nxc4 19.Bd5+ Kh8 20.dxc4 Nc2 21.Rxc2 Bxc2 
22.Qc1 Bb3 23.e4 f4 24.Kg2 g5 25.g4 h5 26.h3 Rf6 27.f3 Rh6 28.Ne2 Ba4 29.
Bc3 Be8 30.Qd2 a4 31.Nc1 Qe7 32.Nd3 Bc6 33.Re1 Rc8 34.Qf2 Bf6 35.Qd2 hxg4 
36.hxg4 Qh7 37.Nf2 Rh2+ 38.Kf1 Qh4 39.Bxc6 Qg3 0-1

[Event "17th EUR-ch"]
[Site "Gjakova KOS"]
[Date "2016.05.15"]
[Round "4.40"]
[White "Kjartansson, Gudmundur"]
[Black "Nabaty, Tamir"]
[Result "0-1"]
[WhiteElo "2457"]
[BlackElo "2619"]
[EventDate "2016.05.12"]
[PlyCount "86"]

1.d4 d5 2.c4 e6 3.Nc3 Nf6 4.cxd5 exd5 5.Bg5 c6 6.e3 h6 7.Bh4 Bd6 8.Bd3 Be6
9.Nge2 Nbd7 10.f3 Qe7 11.Qd2 O-O-O 12.O-O-O Kb8 13.Kb1 Rhe8 14.h3 Nb6 15.
g4 Bc7 16.Qc2 Bc8 17.Bf2 Nfd7 18.e4 dxe4 19.fxe4 h5 20.gxh5 Rh8 21.e5 Nf8 
22.Ng3 Ne6 23.Nf5 Qf8 24.Bh4 Rd7 25.Qf2 Rxh5 26.Be2 Rxf5 27.Qxf5 Rxd4 28.
Bg4 Rb4 29.Rh2 Nc4 30.Re1 Nxb2 31.Rxb2 Rxb2+ 32.Kxb2 Qb4+ 33.Kc1 Qxc3+ 34.
Kb1 Qb4+ 35.Kc1 Bb6 36.Qd3 Nc5 37.Qc2 Bd8 38.Bf2 Bg5+ 39.Kd1 Bxg4+ 40.hxg4
Qxg4+ 41.Qe2 Qf5 42.Qc2 Qf3+ 43.Re2 Qd5+ 0-1

[Event "17th EUR-ch"]
[Site "Gjakova KOS"]
[Date "2016.05.15"]
[Round "4.41"]
[White "Bok, Benjamin"]
[Black "Draskovic, Luka"]
[Result "1/2-1/2"]
[WhiteElo "2614"]
[BlackElo "2454"]
[EventDate "2016.05.12"]
[PlyCount "110"]

1.d4 d6 2.Nf3 Nf6 3.c4 g6 4.g3 Bg7 5.Bg2 O-O 6.Nc3 Nc6 7.O-O Bf5 8.Ne1 Bd7
9.b3 e5 10.d5 Nd4 11.Bb2 h5 12.e3 Nf5 13.e4 Nd4 14.Ne2 Nxe2+ 15.Qxe2 h4 
16.Nd3 Nh5 17.c5 f5 18.c6 bxc6 19.dxc6 Be8 20.Rad1 Qe7 21.exf5 gxf5 22.Nb4
f4 23.Nd5 Qf7 24.Bf3 Kh8 25.Nxc7 Qxc7 26.Bxh5 fxg3 27.hxg3 Bxc6 28.Rc1 
hxg3 29.Bg6 Rf6 30.Be4 d5 31.Bxd5 Raf8 32.Bxc6 Rxc6 33.Rxc6 Qxc6 34.fxg3 
Qc5+ 35.Kg2 Qc6+ 36.Kg1 Qb6+ 37.Kh2 Qh6+ 38.Kg2 Qc6+ 39.Kh2 Qh6+ 40.Kg1 
Qb6+ 41.Rf2 Qc5 42.Kf1 Rxf2+ 43.Qxf2 Qd5 44.Kg1 Qd3 45.Qe1 Qc2 46.Qc1 Qd3 
47.Kf2 Qf5+ 48.Kg2 Qe4+ 49.Kf2 Qf5+ 50.Kg1 Qd3 51.Bxe5 Bxe5 52.Qh6+ Qh7 
53.Qf8+ Qg8 54.Qh6+ Qh7 55.Qf8+ Qg8 1/2-1/2

[Event "17th EUR-ch"]
[Site "Gjakova KOS"]
[Date "2016.05.15"]
[Round "4.42"]
[White "Pashikian, Arman"]
[Black "Moroni, Luca jr"]
[Result "0-1"]
[WhiteElo "2612"]
[BlackElo "2438"]
[EventDate "2016.05.12"]
[PlyCount "62"]

1.d4 Nf6 2.Nf3 e6 3.c4 b6 4.g3 Bb7 5.Bg2 Be7 6.O-O O-O 7.Re1 Na6 8.Ne5 
Bxg2 9.Kxg2 c6 10.e4 Qc7 11.Nc3 Qb7 12.Nd3 d6 13.Qf3 Nd7 14.h4 b5 15.cxb5 
cxb5 16.Bg5 f6 17.Bd2 Nc7 18.Rac1 Rf7 19.Ne2 Bf8 20.Rc2 Nb6 21.b3 e5 22.
Rec1 Ne6 23.Nb4 exd4 24.Nd5 f5 25.Rc6 fxe4 26.Qg4 Nd8 27.Qxe4 Nxc6 28.Rxc6
Nxd5 29.Qxd5 Re8 30.Nf4 Re5 31.Qf3 Rc5 0-1

[Event "17th EUR-ch"]
[Site "Gjakova KOS"]
[Date "2016.05.15"]
[Round "4.43"]
[White "Basso, Pier Luigi"]
[Black "Khismatullin, Denis"]
[Result "0-1"]
[WhiteElo "2454"]
[BlackElo "2609"]
[EventDate "2016.05.12"]
[PlyCount "98"]

1.d4 Nf6 2.c4 e6 3.Nc3 Bb4 4.Qc2 c5 5.dxc5 Qc7 6.Nf3 Bxc5 7.Bg5 a6 8.e3 
Be7 9.Rd1 d6 10.Be2 Nbd7 11.O-O b6 12.Rc1 Bb7 13.Rfd1 O-O 14.Qd2 Rac8 15.
b3 Rfd8 16.Qe1 Qb8 17.Nd2 Nc5 18.f3 d5 19.cxd5 exd5 20.Bf4 Qa7 21.Bg3 Ne6 
22.Ncb1 Bc5 23.Bf2 b5 24.Bd3 d4 25.e4 Nf4 26.Qf1 Nd7 27.Bg3 Bd6 28.Bxf4 
Bxf4 29.Rxc8 Rxc8 30.Qe2 Ne5 31.Nf1 Qc5 32.g3 Nxd3 33.Qxd3 Be5 34.Kg2 g5 
35.h3 h5 36.Qd2 Bg7 37.b4 Qe7 38.g4 h4 39.a3 Be5 40.Rc1 Rc4 41.Rc2 Bc8 42.
Qc1 Be6 43.Nfd2 Bf4 44.Qb2 d3 45.Rc3 Qd6 46.Nxc4 bxc4 47.Nd2 Bxd2 48.Qxd2 
Qg3+ 49.Kf1 Qxh3+ 0-1

[Event "17th EUR-ch"]
[Site "Gjakova KOS"]
[Date "2016.05.15"]
[Round "4.44"]
[White "Erdogdu, Mert"]
[Black "Ter-Sahakian, Samvel"]
[Result "1/2-1/2"]
[WhiteElo "2439"]
[BlackElo "2601"]
[EventDate "2016.05.12"]
[PlyCount "149"]

1.e4 c5 2.Nf3 d6 3.d4 cxd4 4.Nxd4 Nf6 5.Nc3 a6 6.Be3 e5 7.Nb3 Be6 8.Qe2 
Nbd7 9.O-O-O Rc8 10.Qe1 b5 11.Kb1 Qc7 12.Bd3 Be7 13.f4 b4 14.Nd5 Bxd5 15.
exd5 a5 16.fxe5 dxe5 17.Bb5 O-O 18.Qe2 Rfd8 19.Bc6 Nb8 20.Qb5 Nxc6 21.dxc6
Qxc6 22.Qxc6 Rxc6 23.Nxa5 Rcc8 24.Rxd8+ Bxd8 25.Nb7 Be7 26.Rd1 Kf8 27.h3 
h5 28.Rd3 Ne4 29.Na5 f6 30.Rd5 Kf7 31.Kc1 g5 32.g4 Rh8 33.Nc6 Bd6 34.Rd1 
Ke6 35.Bb6 hxg4 36.hxg4 Rh4 37.Nd8+ Kd7 38.Nf7 Kc6 39.Nxd6 Nxd6 40.Bd8 Ne4
41.Rg1 Kb5 42.b3 Rh7 43.Rf1 Rd7 44.Bxf6 Rf7 45.Rf5 Nxf6 46.Rxe5+ Kc6 47.
Rxg5 Ne4 48.Rf5 Ra7 49.Rf8 Nc3 50.Rc8+ Kb6 51.Rb8+ Kc7 52.Rg8 Rxa2 53.Kd2 
Ra5 54.Kd3 Rc5 55.Rh8 Nb5 56.Rh7+ Kc6 57.Rh6+ Nd6 58.Rh2 Rc3+ 59.Kd4 Rg3 
60.Rh4 Rg1 61.Kd3 Rd1+ 62.Ke3 Rg1 63.Kd3 Rg3+ 64.Kd4 Rc3 65.Rh2 Rc5 66.Kd3
Kb6 67.Rh6 Kc7 68.Rh7+ Kc6 69.Rh2 Rd5+ 70.Ke3 Rd1 71.Rh6 Rg1 72.Rh4 Kc5 
73.Rh5+ Kb6 74.Rh4 Kc6 75.Kd3 1/2-1/2

[Event "17th EUR-ch"]
[Site "Gjakova KOS"]
[Date "2016.05.15"]
[Round "4.45"]
[White "Saric, Ante"]
[Black "Korchmar, Vasiliy"]
[Result "1-0"]
[WhiteElo "2594"]
[BlackElo "2437"]
[EventDate "2016.05.12"]
[PlyCount "85"]

1.d4 d5 2.c4 c6 3.Nc3 Nf6 4.e3 e6 5.Nf3 a6 6.Qc2 c5 7.cxd5 exd5 8.Be2 Be6 
9.O-O Nc6 10.Rd1 cxd4 11.Nxd4 Nxd4 12.Rxd4 Bc5 13.Rd1 Qe7 14.Na4 Bd6 15.
Nb6 Bxh2+ 16.Kxh2 Qd6+ 17.Kg1 Qxb6 18.Qa4+ Qc6 19.Qb4 Ne4 20.Bd2 Nxd2 21.
Rxd2 a5 22.Qa3 b5 23.Bd1 Bd7 24.Bf3 Be6 25.Rad1 b4 26.Qb3 O-O 27.Bxd5 Bxd5
28.Rxd5 h6 29.Rd7 Rac8 30.R7d5 Ra8 31.Rd6 Qc5 32.R1d4 Rac8 33.R6d5 Qb6 34.
Rf4 Rc1+ 35.Kh2 Qc7 36.g3 Rf1 37.e4 Qc1 38.Qf3 Qxb2 39.Rxa5 Qd2 40.Ra7 f6 
41.e5 f5 42.Kg2 Qe1 43.Qb7 1-0

[Event "17th EUR-ch"]
[Site "Gjakova KOS"]
[Date "2016.05.15"]
[Round "4.46"]
[White "Prohaszka, Peter"]
[Black "Codenotti, Marco"]
[Result "1-0"]
[WhiteElo "2593"]
[BlackElo "2428"]
[EventDate "2016.05.12"]
[PlyCount "67"]

1.Nf3 d5 2.g3 Bg4 3.Bg2 c6 4.O-O Nd7 5.h3 Bxf3 6.Bxf3 Ngf6 7.d3 e6 8.Nd2 
Bd6 9.e4 O-O 10.Qe2 Re8 11.Bg2 e5 12.exd5 Nxd5 13.Ne4 Be7 14.Nc3 Nc7 15.
Be3 Ne6 16.Qd2 f5 17.Ne2 Bf6 18.Rad1 Nb6 19.Qc1 Nd5 20.Bd2 Qb6 21.c4 Nb4 
22.Qb1 Bg5 23.Bxg5 Nxg5 24.a3 Na6 25.b4 f4 26.c5 Qc7 27.h4 Ne6 28.d4 Kh8 
29.d5 cxd5 30.Bxd5 Nd4 31.Rxd4 exd4 32.Nxf4 Rad8 33.Qd3 Nb8 34.Ne6 1-0

[Event "17th EUR-ch"]
[Site "Gjakova KOS"]
[Date "2016.05.15"]
[Round "4.47"]
[White "Getz, Nicolai"]
[Black "Alexandrov, Alexei"]
[Result "1/2-1/2"]
[WhiteElo "2431"]
[BlackElo "2592"]
[EventDate "2016.05.12"]
[PlyCount "163"]

1.e4 e5 2.Nf3 Nc6 3.Bc4 Bc5 4.O-O d6 5.c3 Nf6 6.d3 Bb6 7.Bb3 O-O 8.Na3 Ne7
9.Bg5 Ng6 10.Nh4 Nxh4 11.Bxh4 h6 12.Nc4 g5 13.Bg3 Be6 14.Re1 Bxc4 15.Bxc4 
h5 16.h3 h4 17.Bh2 Kg7 18.d4 Qe7 19.Qf3 Ng8 20.Rad1 Nh6 21.Qh5 Qf6 22.g3 
hxg3 23.Bxg3 Rh8 24.dxe5 dxe5 25.Kg2 Rae8 26.Rd7 Re7 27.Rxe7 Qxe7 28.h4 f6
29.hxg5 fxg5 30.Rd1 Rh7 31.Qh3 Kf6 32.Qc8 Bc5 33.Qxb7 Nf7 34.Bxf7 Rxf7 35.
Qc6+ Bd6 36.c4 Kg7 37.Qd5 Kg6 38.Rc1 Qf6 39.Rc3 Bb4 40.Re3 c6 41.Qxe5 Qxe5
42.Bxe5 Re7 43.Bg3 Rd7 44.Kf3 Bc5 45.Re2 a5 46.Kg4 a4 47.f3 Rd1 48.Bf2 
Bxf2 49.Rxf2 Kf6 50.f4 gxf4 51.Kxf4 Ke6 52.Ke3 Ra1 53.a3 Kd6 54.Kd4 c5+ 
55.Kd3 Rd1+ 56.Kc2 Re1 57.Kd3 Rd1+ 58.Rd2 Rc1 59.Rh2 Rd1+ 60.Kc2 Re1 61.
Rd2+ Kc6 62.Rd8 Rxe4 63.Kd3 Rh4 64.Ra8 Rh3+ 65.Kc2 Rh2+ 66.Kb1 Rh1+ 67.Ka2
Rh4 68.Rxa4 Kb6 69.b3 Rh2+ 70.Kb1 Rh1+ 71.Kc2 Rh2+ 72.Kd1 Rh1+ 73.Ke2 Rh2+
74.Kf1 Rh3 75.b4 cxb4 76.axb4 Rc3 77.b5 Kc5 78.Ke2 Rg3 79.Kd2 Rh3 80.Kc2 
Rg3 81.Kd2 Rh3 82.Kc2 1/2-1/2

[Event "17th EUR-ch"]
[Site "Gjakova KOS"]
[Date "2016.05.15"]
[Round "4.48"]
[White "Kozul, Zdenko"]
[Black "Dragnev, Valentin"]
[Result "1/2-1/2"]
[WhiteElo "2591"]
[BlackElo "2423"]
[EventDate "2016.05.12"]
[PlyCount "160"]

1.d4 d5 2.Nf3 Nf6 3.c4 e6 4.Nc3 Be7 5.Bf4 O-O 6.e3 Nbd7 7.c5 Ne4 8.Bd3 
Nxc3 9.bxc3 b6 10.c6 Nf6 11.O-O a5 12.Qe2 Ne4 13.Rfc1 f6 14.h3 Bd6 15.Qc2 
e5 16.Bh2 exd4 17.cxd4 Re8 18.Rab1 Kh8 19.Bxd6 Qxd6 20.Nh2 Ba6 21.Bxa6 
Rxa6 22.Nf3 Raa8 23.Ne1 Rad8 24.Qe2 Kg8 25.Nd3 Qe7 26.Rc2 Qf7 27.Qf3 Ng5 
28.Qd1 Ne4 29.Nf4 Rd6 30.Rb5 g5 31.Nd3 Kg7 32.g4 Rdd8 33.Qf3 Rh8 34.Kf1 h5
35.Ke2 hxg4 36.hxg4 Rh2 37.Rb1 Qg6 38.Rh1 Nxf2 39.Rxh2 Qxd3+ 40.Kxf2 Qxc2+
41.Kg3 Qe4 42.Kf2 Qc2+ 43.Kg3 Qe4 44.Kf2 Qxf3+ 45.Kxf3 Rd6 46.Rc2 Re6 47.
Ke2 Re4 48.Kd3 Rxg4 49.Rb2 Re4 50.Rb5 Re6 51.Rxd5 Rxc6 52.Rd7+ Kg6 53.e4 
Rc1 54.d5 a4 55.Rd8 g4 56.Ke3 Kg5 57.Rg8+ Kh4 58.Rc8 Rc3+ 59.Kd4 Rc1 60.
Ke3 Rc3+ 61.Kd4 Rc5 62.Rh8+ Kg5 63.Rg8+ Kh4 64.Rh8+ Kg3 65.Rf8 Rc2 66.Rxf6
a3 67.Rf7 Kg2 68.Kd3 Rxa2 69.Rxc7 Ra1 70.Ke2 a2 71.Ra7 Rf1 72.d6 a1=Q 73.
Rxa1 Rxa1 74.d7 Ra2+ 75.Kd3 Ra3+ 76.Kc2 Ra8 77.e5 g3 78.e6 Kf1 79.e7 g2 
80.d8=Q Rxd8 1/2-1/2

[Event "17th EUR-ch"]
[Site "Gjakova KOS"]
[Date "2016.05.15"]
[Round "4.49"]
[White "Yilmazyerli, Mert"]
[Black "Demchenko, Anton"]
[Result "1/2-1/2"]
[WhiteElo "2426"]
[BlackElo "2589"]
[EventDate "2016.05.12"]
[PlyCount "119"]

1.Nf3 Nf6 2.g3 g6 3.b3 Bg7 4.Bb2 d6 5.d4 O-O 6.Bg2 Nbd7 7.O-O Re8 8.c4 e5 
9.dxe5 Ng4 10.Qd2 dxe5 11.h3 Nh6 12.Ng5 Nc5 13.Qxd8 Rxd8 14.Nc3 f6 15.Ba3 
Bf8 16.Bxc5 Bxc5 17.Nge4 Be7 18.Nd5 Kf7 19.Nxc7 Rb8 20.Rfd1 Bf5 21.Nb5 a6 
22.Ned6+ Kf8 23.Nxf5 Nxf5 24.Nc7 Rd6 25.c5 Rxd1+ 26.Rxd1 Nd4 27.e3 Rc8 28.
Nd5 Nc6 29.b4 Rd8 30.Rb1 f5 31.Nc7 Rd7 32.Nxa6 e4 33.b5 bxa6 34.bxc6 Rc7 
35.Rb6 a5 36.Ra6 Bxc5 37.Bf1 a4 38.Rxa4 Rxc6 39.Rc4 Rc7 40.a4 Bb6 41.Rb4 
Ba5 42.Rb5 Be1 43.Rb1 Bd2 44.Rb2 Bc3 45.Rc2 Ke7 46.Bb5 Kf6 47.Kf1 Ke5 48.
Be2 g5 49.Ra2 Rc5 50.Ra3 f4 51.gxf4+ gxf4 52.exf4+ Kxf4 53.Rb3 e3 54.Rb5 
Rxb5 55.axb5 exf2 56.Kxf2 Bd4+ 57.Kg2 h6 58.Bh5 Bb6 59.Be8 Bc5 60.h4 
1/2-1/2

[Event "17th EUR-ch"]
[Site "Gjakova KOS"]
[Date "2016.05.15"]
[Round "4.50"]
[White "Brkic, Ante"]
[Black "Fejzullahu, Afrim"]
[Result "1-0"]
[WhiteElo "2584"]
[BlackElo "2319"]
[EventDate "2016.05.12"]
[PlyCount "59"]

1.e4 e5 2.Nf3 Nc6 3.Bb5 a6 4.Ba4 Nf6 5.O-O b5 6.Bb3 Be7 7.Re1 O-O 8.a4 Bb7
9.d3 d6 10.Nbd2 Na5 11.Ba2 b4 12.Nf1 b3 13.cxb3 c5 14.b4 cxb4 15.Bd2 d5 
16.Ng3 dxe4 17.dxe4 Bc5 18.Qe2 Qb6 19.h3 Rae8 20.Rac1 Nc6 21.Be3 Nd4 22.
Bxd4 Bxd4 23.Nxd4 exd4 24.e5 g6 25.Qd2 Nd7 26.Qh6 Kh8 27.Ne4 Bxe4 28.Rxe4 
f5 29.Rh4 Re7 30.e6 1-0

[Event "17th EUR-ch"]
[Site "Gjakova KOS"]
[Date "2016.05.16"]
[Round "5.1"]
[White "Inarkiev, Ernesto"]
[Black "Wojtaszek, Radoslaw"]
[Result "1/2-1/2"]
[WhiteElo "2686"]
[BlackElo "2722"]
[EventDate "2016.05.12"]
[PlyCount "82"]

1.e4 c5 2.Nf3 d6 3.d4 cxd4 4.Nxd4 Nf6 5.Nc3 a6 6.Be3 e5 7.Nb3 Be6 8.Qd2 
Be7 9.f3 O-O 10.O-O-O Nbd7 11.g4 b5 12.g5 b4 13.Na4 Nh5 14.Qxb4 d5 15.Qa5 
Qxa5 16.Nxa5 d4 17.Bd2 Bxa2 18.Nc6 Bd6 19.Nc3 Be6 20.Nd5 Bxd5 21.exd5 Nb6 
22.f4 e4 23.Ba5 Nxd5 24.Rxd4 Rfc8 25.Ne5 Nhxf4 26.Nc4 Be7 27.Bd2 Re8 28.
Rxe4 Bxg5 29.Nd6 Red8 30.h4 Bf6 31.Bxf4 Nxf4 32.Nxf7 Kxf7 33.Rxf4 a5 34.
Bc4+ Kf8 35.c3 Rac8 36.Kc2 Rc5 37.h5 Rd6 38.Bd3 Rdd5 39.h6 Rh5 40.hxg7+ 
Kxg7 41.Rg4+ Kf7 1/2-1/2

[Event "17th EUR-ch"]
[Site "Gjakova KOS"]
[Date "2016.05.16"]
[Round "5.2"]
[White "Vitiugov, Nikita"]
[Black "Jobava, Baadur"]
[Result "1/2-1/2"]
[WhiteElo "2721"]
[BlackElo "2661"]
[EventDate "2016.05.12"]
[PlyCount "61"]

1.d4 e6 2.Nf3 Nf6 3.g3 b6 4.Bg2 Bb7 5.c4 Bb4+ 6.Bd2 Bxd2+ 7.Qxd2 a5 8.O-O 
Na6 9.Nc3 O-O 10.Qf4 d6 11.Rad1 Nd7 12.Rfe1 Qe7 13.e4 Rfd8 14.b3 h6 15.h4 
Nb4 16.Qd2 Nf6 17.a3 Na6 18.Qb2 Ng4 19.Nh2 Nxh2 20.Kxh2 Nb8 21.Nb5 Na6 22.
Nc3 Nb8 23.Nb5 Na6 24.Kg1 Rab8 25.Nc3 Ra8 26.Rb1 Nb8 27.Nb5 Na6 28.Red1 
Rab8 29.Nc3 Ra8 30.Nb5 Rab8 31.Nc3 1/2-1/2

[Event "17th EUR-ch"]
[Site "Gjakova KOS"]
[Date "2016.05.16"]
[Round "5.3"]
[White "Zhigalko, Sergei"]
[Black "Navara, David"]
[Result "0-1"]
[WhiteElo "2647"]
[BlackElo "2735"]
[EventDate "2016.05.12"]
[PlyCount "68"]

1.e4 c6 2.d4 d5 3.e5 Bf5 4.Nf3 e6 5.Be2 c5 6.Be3 cxd4 7.Nxd4 Ne7 8.Nd2 
Nbc6 9.N2f3 Be4 10.O-O Bxf3 11.Nxf3 Qc7 12.Bf4 Ng6 13.Bg3 O-O-O 14.c4 h5 
15.h4 Kb8 16.cxd5 Rxd5 17.Qa4 Be7 18.Rfd1 Rhd8 19.Rxd5 Rxd5 20.Qe4 Qb6 21.
Bc4 Rd8 22.b3 Nd4 23.Rd1 Nf5 24.Rxd8+ Qxd8 25.Be2 Qa5 26.a4 Bc5 27.Kh2 Qb6
28.a5 Qxa5 29.Ng5 Nxg3 30.fxg3 Qa1 31.Nf3 a6 32.Bc4 Ne7 33.Qh7 Nf5 34.Bd3 
Nh6 0-1

[Event "17th EUR-ch"]
[Site "Gjakova KOS"]
[Date "2016.05.16"]
[Round "5.4"]
[White "Matlakov, Maxim"]
[Black "Berkes, Ferenc"]
[Result "1/2-1/2"]
[WhiteElo "2693"]
[BlackElo "2636"]
[EventDate "2016.05.12"]
[PlyCount "79"]

1.Nf3 Nf6 2.g3 g6 3.Bg2 Bg7 4.O-O O-O 5.d4 d6 6.c4 c6 7.Nc3 Bf5 8.b3 Ne4 
9.Bb2 Nxc3 10.Bxc3 Be4 11.Rc1 Nd7 12.e3 e6 13.Qe2 d5 14.Bh3 Bxf3 15.Qxf3 
a5 16.Rfd1 a4 17.Bf1 axb3 18.axb3 Qe7 19.Ra1 Ra3 20.Rdb1 Rfa8 21.Qd1 h5 
22.Rxa3 Rxa3 23.Ra1 Nf6 24.Be1 Qf8 25.Kg2 Qa8 26.Rxa3 Qxa3 27.Bd3 Bf8 28.
f3 dxc4 29.bxc4 b5 30.Bf2 bxc4 31.Bxc4 c5 32.e4 Qb4 33.Qb3 Qxb3 34.Bxb3 
cxd4 35.Bxd4 Nd7 36.f4 Bc5 37.Bc3 Kf8 38.Kf3 Ke7 39.h3 Bd6 40.Bc2 1/2-1/2

[Event "17th EUR-ch"]
[Site "Gjakova KOS"]
[Date "2016.05.16"]
[Round "5.5"]
[White "Kovalev, Vladislav"]
[Black "Saric, Ivan"]
[Result "0-1"]
[WhiteElo "2562"]
[BlackElo "2650"]
[EventDate "2016.05.12"]
[PlyCount "78"]

1.e4 c5 2.Nf3 d6 3.Bb5+ Nd7 4.d4 cxd4 5.Qxd4 a6 6.Bxd7+ Bxd7 7.c4 Nf6 8.
Bg5 e6 9.Nc3 Bc6 10.O-O Be7 11.Rad1 O-O 12.e5 dxe5 13.Nxe5 Qxd4 14.Rxd4 
Rfc8 15.Rfd1 h6 16.Bh4 Be8 17.Ne4 g5 18.Nxf6+ Bxf6 19.Bg3 b5 20.b3 Bg7 21.
cxb5 axb5 22.R4d2 f6 23.Nd3 Bf8 24.f4 Bh5 25.Rf1 Rd8 26.fxg5 Bg6 27.Rxf6 
Bxd3 28.Rxe6 Bc5+ 29.Kh1 Bf5 30.Ree2 Bg4 31.Rxd8+ Rxd8 32.Re1 hxg5 33.h3 
Bh5 34.Kh2 Rd1 35.Re6 Bf7 36.Ra6 Bg1+ 37.Kh1 Bd5 38.a4 Be3+ 39.Kh2 Rd2 0-1

[Event "17th EUR-ch"]
[Site "Gjakova KOS"]
[Date "2016.05.16"]
[Round "5.7"]
[White "Khismatullin, Denis"]
[Black "Ponomariov, Ruslan"]
[Result "1/2-1/2"]
[WhiteElo "2609"]
[BlackElo "2715"]
[EventDate "2016.05.12"]
[PlyCount "23"]

1.d4 d5 2.c4 dxc4 3.Nf3 Nf6 4.e3 e6 5.Bxc4 c5 6.O-O a6 7.dxc5 Bxc5 8.Qxd8+
Kxd8 9.Nbd2 Ke7 10.b3 Nbd7 11.Bb2 Rd8 12.Be2 1/2-1/2

[Event "17th EUR-ch"]
[Site "Gjakova KOS"]
[Date "2016.05.16"]
[Round "5.8"]
[White "Yilmaz, Mustafa"]
[Black "Vallejo Pons, Francisco"]
[Result "1/2-1/2"]
[WhiteElo "2603"]
[BlackElo "2700"]
[EventDate "2016.05.12"]
[PlyCount "60"]

1.d4 Nf6 2.c4 e6 3.Nf3 d5 4.Nc3 c6 5.e3 Nbd7 6.Qc2 Be7 7.Bd3 dxc4 8.Bxc4 
b5 9.Bd3 Bb7 10.a3 a5 11.O-O Rc8 12.Rd1 O-O 13.Qe2 b4 14.Na4 c5 15.dxc5 
Qc7 16.axb4 axb4 17.Bd2 Nxc5 18.Bxb4 Nxd3 19.Bxe7 Qxe7 20.Qxd3 Bxf3 21.
gxf3 Nd5 22.Qe4 Qg5+ 23.Qg4 Qh6 24.f4 Rc2 25.Qf3 Nf6 26.Rac1 Qg6+ 27.Qg2 
Qh5 28.Re1 Rd2 29.Rc5 Rd1 30.Kf1 Rd5 1/2-1/2

[Event "17th EUR-ch"]
[Site "Gjakova KOS"]
[Date "2016.05.16"]
[Round "5.9"]
[White "Andriasian, Zaven"]
[Black "Ragger, Markus"]
[Result "1/2-1/2"]
[WhiteElo "2602"]
[BlackElo "2696"]
[EventDate "2016.05.12"]
[PlyCount "48"]

1.e4 c5 2.Nf3 d6 3.d4 cxd4 4.Nxd4 Nf6 5.Nc3 a6 6.h3 e5 7.Nb3 Be6 8.Be3 Be7
9.Qf3 O-O 10.g4 a5 11.a4 Nc6 12.O-O-O Nb4 13.g5 Nd7 14.h4 Qc7 15.Kb1 Nb6 
16.Bxb6 Qxb6 17.Bb5 f5 18.Nd5 Nxd5 19.exd5 Bf7 20.Qe2 Be8 21.c4 Bxb5 22.
cxb5 Bd8 23.f4 Bc7 24.Qc4 Rae8 1/2-1/2

[Event "17th EUR-ch"]
[Site "Gjakova KOS"]
[Date "2016.05.16"]
[Round "5.10"]
[White "Cheparinov, Ivan"]
[Black "Pantsulaia, Levan"]
[Result "1-0"]
[WhiteElo "2685"]
[BlackElo "2613"]
[EventDate "2016.05.12"]
[PlyCount "111"]

1.d4 Nf6 2.c4 c5 3.d5 e6 4.Nc3 exd5 5.cxd5 d6 6.e4 g6 7.f4 Bg7 8.Bb5+ Nfd7
9.Bd3 Qh4+ 10.g3 Qd8 11.Nf3 O-O 12.O-O Nf6 13.Qb3 Na6 14.e5 Nd7 15.e6 Nb6 
16.f5 c4 17.Bxc4 Nc5 18.Qb4 gxf5 19.Bg5 Bf6 20.Bxf6 Qxf6 21.Rae1 fxe6 22.
dxe6 Bxe6 23.Bxe6+ Nxe6 24.a4 Nc5 25.a5 Nbd7 26.Nd5 Qg7 27.Ne7+ Kh8 28.Nh4
f4 29.Nhf5 Qf6 30.Rd1 fxg3 31.hxg3 Na6 32.Qb5 Ndc5 33.Rxd6 Qe5 34.Rd5 Qf6 
35.Qe2 Rad8 36.Ng6+ hxg6 37.Qh2+ Kg8 38.Nh6+ Kg7 39.Rxf6 Rxd5 40.Rxf8 Kxf8
41.Qf2+ Ke7 42.Qf7+ Kd6 43.Qxg6+ Kc7 44.Qf7+ Kc6 45.Qf3 Nb4 46.Nf5 Kb5 47.
g4 Rd3 48.Qe2 Kxa5 49.g5 Rd5 50.Qf3 Rd3 51.Qf4 Rd1+ 52.Kh2 Nbd3 53.Qc7+ 
Kb4 54.g6 Rd2+ 55.Kh3 Rf2 56.g7 1-0